Vista normal
Vista MARC
Entrada Personal Name
Número de registros utilizados en: 1
001 - CONTROL NUMBER
- control field: 11916
003 - CONTROL NUMBER IDENTIFIER
- control field: DLC
005 - DATE AND TIME OF LATEST TRANSACTION
- control field: 20220119150639.0
008 - FIXED-LENGTH DATA ELEMENTS
- fixed length control field: 040813n| acannaabn |a aaa c
010 ## - LIBRARY OF CONGRESS CONTROL NUMBER
- LC control number: nr2004024313
040 ## - CATALOGING SOURCE
- Original cataloging agency: CSt
- Language of cataloging: spa
- Transcribing agency: Mx-PuUPA
- Modifying agency: Mx-PuUPA
- Description conventions: rda
100 1# - HEADING--PERSONAL NAME
- Personal name: Robles Vásquez, Héctor Virgilio,
374 ## - OCCUPATION
- Occupation: Coordinador
375 ## - GENDER
- Gender: hombre
377 ## - ASSOCIATED LANGUAGE
- Language code: spa
400 1# - SEE FROM TRACING--PERSONAL NAME
- Personal name: Vásquez, Héctor Virgilio Robles
670 ## - SOURCE DATA FOUND
- Source citation: El trabajo infantil en México, 1984-2000, 2004:
- Information found: t.p. (Héctor Virgilio Robles Vásquez) cover (Héctor V. Robles Vásquez) spine (Héctor Robles Vásquez)